000 00419nam a2200157Ia 4500
008 160316s1981 xxu||||| |||| 00| 0 eng d
082 _a345.077000
_bCRI
100 _a
245 _aCrime, proof and punishment : Essays in memory of Rupert Cross
250 _a
260 _aLondon
_bButterworths
_c1981
300 _a336p
_b
_c
365 _b Gratis
650 _a1.Criminal Law - Crime - Punishment
700 _a
_a
999 _c24515
_d24515